[Event "SRB-chT2 West"]
[Site "Kragujevac"]
[Date "2015.09.06"]
[Round "4.2"]
[White "Civric, Zdravko"]
[Black "Bojanic, Bratislav"]
[Result "1/2-1/2"]
[WhiteElo "2225"]
[BlackElo "2242"]
[PlyCount "115"]
[EventDate "2015.09.04"]
[EventType "team-tourn"]
[EventRounds "11"]
[EventCountry "SRB"]
[SourceTitle "EXT 2022"]
[Source "ChessBase"]
[SourceDate "2021.10.06"]
[SourceVersion "1"]
[SourceVersionDate "2021.10.06"]
[SourceQuality "1"]

1. e4 e5 2. Nf3 Nc6 3. Bc4 Nf6 4. d3 Be7 5. 0-0 0-0 6. h3 d6 7. c3 h6 8. Re1 a6 9. Bb3 Nh7 10. d4 Bg5 11. Nbd2 exd4 12. cxd4 Kh8 13. Nc4 f5 14. d5 Bxc1 15. Rxc1 fxe4 16. Rxe4 Bf5 17. Re3 Ne7 18. Na5 Rb8 19. Qe1 Ng6 20. Qc3 Nf4 21. Rce1 Ng6 22. Nc4 Nf6 23. Ncd2 Qd7 24. Nd4 Ne5 25. Ne6 Rfe8 26. f4 Ng6 27. g4 Bxe6 28. dxe6 Qe7 29. f5 Ne5 30. Rg3 Nh7 31. Qe3 c5 32. Bc2 b5 33. Nf3 Nxf3+ 34. Qxf3 Rbd8 35. Rd1 d5 36. Rxd5 Ng5 37. Qd1 Rxd5 38. Qxd5 Rd8 39. Qc6 Qf6 40. Qg2 Qxb2 41. e7 Re8 42. h4 Nf7 43. Qe2 Qd4+ 44. Qe3 Rxe7 45. Qxd4 cxd4 46. g5 Re1+ 47. Kf2 Rc1 48. Bb3 Ne5 49. f6 gxf6 50. gxf6 Rc6 51. f7 Rf6+ 52. Ke2 Nxf7 53. Bxf7 Rxf7 54. Rg6 d3+ 55. Kxd3 Rf3+ 56. Kc2 Ra3 57. Kb2 Ra4 58. Rxh6+ 1/2-1/2

[Event "Vojvodina-ch 3rd"]
[Site "Novi Sad"]
[Date "2012.07.05"]
[Round "9"]
[White "Bojanic, Bratislav"]
[Black "Cabarkapa, Novak"]
[Result "1/2-1/2"]
[WhiteElo "2245"]
[BlackElo "2242"]
[PlyCount "66"]
[EventDate "2012.06.29"]
[EventType "swiss"]
[EventRounds "9"]
[EventCountry "SRB"]
[SourceTitle "CBM 149 Extra"]
[Source "ChessBase"]
[SourceDate "2012.08.24"]
[SourceVersion "1"]
[SourceVersionDate "2012.08.24"]
[SourceQuality "1"]

1. e4 c5 2. Nf3 d6 3. d4 cxd4 4. Nxd4 Nf6 5. Nc3 Bd7 6. Bg5 e6 7. Qd2 a6 8. 0-0-0 h6 9. Bxf6 Qxf6 10. f4 Nc6 11. Nf3 0-0-0 12. Kb1 g5 13. fxg5 hxg5 14. Qxg5 Qxg5 15. Nxg5 Ne5 16. h3 Be7 17. Nf3 Rdg8 18. Nxe5 dxe5 19. g4 Bc6 20. Be2 Bb4 21. Rd3 Rd8 22. Rf1 Rxd3 23. cxd3 Rxh3 24. Rxf7 Rg3 25. Kc2 Bc5 26. Bf3 Be8 27. Rf6 Kd7 28. Be2 b5 29. a3 Rg2 30. Kd2 a5 31. Rf1 Kd6 32. Nd1 a4 33. Ne3 Rh2 1/2-1/2

[Event "Senta op-A 13th"]
[Site "Senta"]
[Date "2009.07.24"]
[Round "8"]
[White "Elez, Sinisa"]
[Black "Bojanic, Bratislav"]
[Result "1/2-1/2"]
[WhiteElo "2103"]
[BlackElo "2235"]
[PlyCount "34"]
[EventDate "2009.07.18"]
[EventType "swiss"]
[EventRounds "9"]
[EventCountry "YUG"]
[SourceTitle "CBM 131 Extra"]
[Source "ChessBase"]
[SourceDate "2009.09.03"]
[SourceVersion "2"]
[SourceVersionDate "2009.09.16"]
[SourceQuality "1"]

1. e4 e5 2. Nf3 Nc6 3. Bb5 a6 4. Ba4 Nf6 5. 0-0 Be7 6. Re1 b5 7. Bb3 0-0 8. h3 d6 9. c3 Na5 10. Bc2 c5 11. d4 Qc7 12. Nbd2 h6 13. Nf1 Re8 14. Ng3 Bf8 15. d5 g6 16. b3 Bg7 17. Be3 Bd7 1/2-1/2

[Event "Senta op-A 13th"]
[Site "Senta"]
[Date "2009.07.23"]
[Round "7"]
[White "Bojanic, Bratislav"]
[Black "Krstic, Petar"]
[Result "0-1"]
[WhiteElo "2235"]
[BlackElo "2309"]
[PlyCount "86"]
[EventDate "2009.07.18"]
[EventType "swiss"]
[EventRounds "9"]
[EventCountry "YUG"]
[SourceTitle "CBM 131 Extra"]
[Source "ChessBase"]
[SourceDate "2009.09.03"]
[SourceVersion "2"]
[SourceVersionDate "2009.09.16"]
[SourceQuality "1"]

1. e4 c5 2. Nf3 e6 3. d4 cxd4 4. Nxd4 Nc6 5. Nc3 Qc7 6. g3 a6 7. Bg2 d6 8. 0-0 Bd7 9. a4 Nf6 10. Nb3 Ne5 11. f4 Nc4 12. Kh1 h5 13. h3 Be7 14. Qe2 Rc8 15. Re1 e5 16. Nd5 Nxd5 17. exd5 Bf6 18. c3 g6 19. Nd4 0-0 20. Nf3 Rfe8 21. Qf2 Bg7 22. b3 Na5 23. b4 Nb3 24. Ra3 Nxc1 25. Rxc1 exf4 26. gxf4 Qc4 27. Ng5 Bf5 28. Rd1 Bxc3 29. b5 axb5 30. axb5 Qxb5 31. Bf1 Qb4 32. Ra2 Bf6 33. Bg2 Qb3 34. Rf1 Qe3 35. Qxe3 Rxe3 36. Ra7 Re7 37. h4 b5 38. Ra6 Rd8 39. Rb6 Bd4 40. Rc6 b4 41. Rd1 Bc5 42. Rd2 b3 43. Rb2 Rb8 0-1

[Event "SRB-chT2 West"]
[Site "Serbia"]
[Date "2007.10.19"]
[Round "8"]
[White "Nikolic, Dragovan"]
[Black "Bojanic, Bratislav"]
[Result "1-0"]
[WhiteElo "2296"]
[BlackElo "2187"]
[PlyCount "87"]
[EventDate "2007.09.09"]
[EventType "team"]
[EventRounds "11"]
[EventCountry "SRB"]
[SourceTitle "EXT 2012"]
[Source "ChessBase"]
[SourceDate "2011.11.24"]
[SourceVersion "1"]
[SourceVersionDate "2011.11.24"]
[SourceQuality "1"]
[WhiteTeam "Ub"]
[BlackTeam "Fap SK"]
[WhiteTeamCountry "SRB"]
[BlackTeamCountry "SRB"]

1. d4 Nf6 2. Nf3 g6 3. g3 Bg7 4. Bg2 0-0 5. 0-0 d6 6. c4 c5 7. Nc3 Nc6 8. dxc5 dxc5 9. Bf4 Bf5 10. Ne5 Nh5 11. Nxc6 bxc6 12. Bd2 Qd4 13. Be3 Qxc4 14. Rc1 Qb4 15. Na4 c4 16. b3 Rfd8 17. Rxc4 Qxc4 18. Qxd8+ Rxd8 19. bxc4 Bc2 20. Bxc6 Bd4 21. Rc1 Bxa4 22. Bxa4 Bxe3 23. fxe3 Ng7 24. c5 Rc8 25. Bd7 Rc7 26. c6 Ne6 27. Bxe6 fxe6 28. Kf2 Kf7 29. Kf3 e5 30. Ke4 Ke6 31. g4 h6 32. h4 Kd6 33. h5 gxh5 34. gxh5 Ke6 35. Rg1 Kd6 36. Rd1+ Ke6 37. Rc1 Rc8 38. c7 Kd6 39. Rc4 Ke6 40. Rc6+ Kd7 41. Rxh6 Rxc7 42. Ra6 Ke8 43. Kf5 Kf7 44. Re6 1-0

[Event "SRB-chT2 West"]
[Site "Serbia"]
[Date "2006.10.26"]
[Round "7.1"]
[White "Djuric, Zoran"]
[Black "Bojanic, Bratislav"]
[Result "1-0"]
[WhiteElo "2181"]
[BlackElo "2200"]
[PlyCount "113"]
[EventDate "2006.09.09"]
[EventType "team"]
[EventRounds "11"]
[EventCountry "SRB"]
[SourceTitle "EXT 2012"]
[Source "ChessBase"]
[SourceDate "2011.11.24"]
[SourceVersion "1"]
[SourceVersionDate "2011.11.24"]
[SourceQuality "1"]

1. e4 e5 2. Nf3 Nc6 3. d4 exd4 4. Nxd4 Bc5 5. Be3 Qf6 6. c3 Nge7 7. Be2 0-0 8. 0-0 Bb6 9. f4 d6 10. Na3 Nxd4 11. Bxd4 Nc6 12. Bxb6 axb6 13. Nb5 Qe7 14. Bf3 Be6 15. b3 f5 16. Qd3 Qf7 17. c4 Rad8 18. Rae1 fxe4 19. Bxe4 g6 20. Qc3 d5 21. Bf3 dxc4 22. Nxc7 Qxc7 23. Rxe6 Nd4 24. Re4 Rxf4 25. Rxf4 Qxf4 26. Qxc4+ Kh8 27. Bxb7 Qe3+ 28. Kh1 Nf5 29. Qc7 Rd4 30. Qb8+ Kg7 31. Qc7+ Kh6 32. Qc1 Qxc1 33. Rxc1 Rd2 34. a4 Rb2 35. Bd5 Ne3 36. Bc6 Rxb3 37. h3 Rb4 38. Re1 Nf5 39. Kh2 Nd4 40. Bd7 Nb3 41. Rb1 Rd4 42. Rxb3 Rxd7 43. Rxb6 Rd4 44. a5 Ra4 45. a6 Kg5 46. Kg3 Ra3+ 47. Kf2 h5 48. g3 h4 49. g4 Rxh3 50. Rb5+ Kxg4 51. Rb4+ Kf5 52. Ra4 Rc3 53. a7 Rc8 54. a8Q Rxa8 55. Rxa8 g5 56. Ra5+ Kf4 57. Ra4+ 1-0

[Event "SRB-chT2 West"]
[Site "Serbia"]
[Date "2006.09.30"]
[Round "4.4"]
[White "Milosevic, Zoran"]
[Black "Bojanic, Bratislav"]
[Result "1/2-1/2"]
[WhiteElo "2260"]
[BlackElo "2200"]
[PlyCount "31"]
[EventDate "2006.09.09"]
[EventType "team"]
[EventRounds "11"]
[EventCountry "SRB"]
[SourceTitle "EXT 2012"]
[Source "ChessBase"]
[SourceDate "2011.11.24"]
[SourceVersion "1"]
[SourceVersionDate "2011.11.24"]
[SourceQuality "1"]

1. d4 Nf6 2. c4 c5 3. d5 b5 4. cxb5 a6 5. Nc3 axb5 6. Nxb5 d6 7. Nc3 Ba6 8. Nf3 g6 9. e4 Bxf1 10. Kxf1 Nbd7 11. g3 Bg7 12. Kg2 0-0 13. h3 Qb6 14. Qc2 Rfb8 15. Re1 h6 16. Ne2 1/2-1/2